<?xml version="1.0" encoding="UTF-8"?>
<record
    xmlns:xsi="http://www.w3.org/2001/XMLSchema-instance"
    xsi:schemaLocation="http://www.loc.gov/MARC21/slim http://www.loc.gov/standards/marcxml/schema/MARC21slim.xsd"
    xmlns="http://www.loc.gov/MARC21/slim">

  <leader>01628    a2200325   4500</leader>
  <controlfield tag="003">NALT</controlfield>
  <controlfield tag="005">20250113090411.0</controlfield>
  <controlfield tag="008">231010b        th ||||| |||| 00| 0 tha d</controlfield>
  <datafield tag="020" ind1=" " ind2=" ">
    <subfield code="a">9786162875892</subfield>
  </datafield>
  <datafield tag="040" ind1=" " ind2=" ">
    <subfield code="a">NALT</subfield>
  </datafield>
  <datafield tag="041" ind1="1" ind2=" ">
    <subfield code="a">tha</subfield>
    <subfield code="h">eng</subfield>
  </datafield>
  <datafield tag="050" ind1=" " ind2=" ">
    <subfield code="a">BF 442</subfield>
    <subfield code="b">&#xE2D;663&#xE28; 2566</subfield>
  </datafield>
  <datafield tag="100" ind1="1" ind2=" ">
    <subfield code="a">&#xE2D;&#xE32;&#xE40;&#xE23;&#xE35;&#xE22;&#xE25;&#xE35;&#xE22;&#xE4C;, &#xE41;&#xE14;&#xE19;</subfield>
    <subfield code="9">28437</subfield>
  </datafield>
  <datafield tag="245" ind1="1" ind2="0">
    <subfield code="a">&#xE40;&#xE28;&#xE23;&#xE29;&#xE10;&#xE28;&#xE32;&#xE2A;&#xE15;&#xE23;&#xE4C;&#xE1E;&#xE24;&#xE15;&#xE34;&#xE01;&#xE23;&#xE23;&#xE21; &#xE0A;&#xE48;&#xE27;&#xE22;&#xE0A;&#xE35;&#xE27;&#xE34;&#xE15;&#xE09;&#xE31;&#xE19;&#xE08;&#xE32;&#xE01;&#xE1B;&#xE49;&#xE32;&#xE02;&#xE49;&#xE32;&#xE07;&#xE1A;&#xE49;&#xE32;&#xE19; =</subfield>
    <subfield code="b"> Irrationally yours : on missing socks, pickup lines and other existential puzzles / </subfield>
    <subfield code="c">Dan Ariely, &#xE40;&#xE02;&#xE35;&#xE22;&#xE19; ; &#xE1E;&#xE23;&#xE40;&#xE25;&#xE34;&#xE28; &#xE2D;&#xE34;&#xE10;&#xE10;&#xE4C;, &#xE27;&#xE34;&#xE42;&#xE23;&#xE08;&#xE19;&#xE4C; &#xE20;&#xE31;&#xE17;&#xE23;&#xE17;&#xE35;&#xE1B;&#xE01;&#xE23;, &#xE41;&#xE1B;&#xE25;.</subfield>
  </datafield>
  <datafield tag="250" ind1=" " ind2=" ">
    <subfield code="a">&#xE1E;&#xE34;&#xE21;&#xE1E;&#xE4C;&#xE04;&#xE23;&#xE31;&#xE49;&#xE07;&#xE41;&#xE23;&#xE01;.</subfield>
  </datafield>
  <datafield tag="260" ind1=" " ind2=" ">
    <subfield code="a">&#xE01;&#xE23;&#xE38;&#xE07;&#xE40;&#xE17;&#xE1E;&#xE2F; :</subfield>
    <subfield code="b">&#xE27;&#xE35;&#xE40;&#xE25;&#xE34;&#xE23;&#xE4C;&#xE19;,</subfield>
    <subfield code="c">2566</subfield>
  </datafield>
  <datafield tag="300" ind1=" " ind2=" ">
    <subfield code="a">254 &#xE2B;&#xE19;&#xE49;&#xE32; :</subfield>
    <subfield code="b">&#xE20;&#xE32;&#xE1E;&#xE1B;&#xE23;&#xE30;&#xE01;&#xE2D;&#xE1A; ;</subfield>
    <subfield code="c">18 &#xE0B;&#xE21;.</subfield>
  </datafield>
  <datafield tag="650" ind1=" " ind2="4">
    <subfield code="9">6250</subfield>
    <subfield code="a">&#xE01;&#xE32;&#xE23;&#xE2D;&#xE49;&#xE32;&#xE07;&#xE40;&#xE2B;&#xE15;&#xE38;&#xE1C;&#xE25;</subfield>
  </datafield>
  <datafield tag="650" ind1=" " ind2="4">
    <subfield code="9">61842</subfield>
    <subfield code="a">&#xE01;&#xE32;&#xE23;&#xE15;&#xE31;&#xE14;&#xE2A;&#xE34;&#xE19; (&#xE15;&#xE23;&#xE23;&#xE01;&#xE27;&#xE34;&#xE17;&#xE22;&#xE32;) </subfield>
  </datafield>
  <datafield tag="650" ind1=" " ind2="4">
    <subfield code="9">33787</subfield>
    <subfield code="a">&#xE01;&#xE32;&#xE23;&#xE2A;&#xE31;&#xE07;&#xE40;&#xE01;&#xE15; (&#xE08;&#xE34;&#xE15;&#xE27;&#xE34;&#xE17;&#xE22;&#xE32;)</subfield>
  </datafield>
  <datafield tag="650" ind1=" " ind2="0">
    <subfield code="a">&#xE04;&#xE27;&#xE32;&#xE21;&#xE04;&#xE34;&#xE14;&#xE41;&#xE25;&#xE30;&#xE01;&#xE32;&#xE23;&#xE04;&#xE34;&#xE14;</subfield>
    <subfield code="9">5844</subfield>
  </datafield>
  <datafield tag="653" ind1=" " ind2="4">
    <subfield code="a">&#xE01;&#xE32;&#xE23;&#xE43;&#xE0A;&#xE49;&#xE40;&#xE2B;&#xE15;&#xE38;&#xE1C;&#xE25; (&#xE08;&#xE34;&#xE15;&#xE27;&#xE34;&#xE17;&#xE22;&#xE32;) </subfield>
  </datafield>
  <datafield tag="700" ind1="1" ind2=" ">
    <subfield code="9">28436</subfield>
    <subfield code="a">Ariely, Dan </subfield>
  </datafield>
  <datafield tag="700" ind1="0" ind2=" ">
    <subfield code="9">4182</subfield>
    <subfield code="a">&#xE1E;&#xE23;&#xE40;&#xE25;&#xE34;&#xE28; &#xE2D;&#xE34;&#xE10;&#xE10;&#xE4C;</subfield>
  </datafield>
  <datafield tag="700" ind1="0" ind2=" ">
    <subfield code="9">10815</subfield>
    <subfield code="a">&#xE27;&#xE34;&#xE42;&#xE23;&#xE08;&#xE19;&#xE4C; &#xE20;&#xE31;&#xE17;&#xE23;&#xE17;&#xE35;&#xE1B;&#xE01;&#xE23;</subfield>
  </datafield>
  <datafield tag="850" ind1=" " ind2=" ">
    <subfield code="a">NALT</subfield>
  </datafield>
  <datafield tag="942" ind1=" " ind2=" ">
    <subfield code="2">lcc</subfield>
    <subfield code="c">GB</subfield>
  </datafield>
  <datafield tag="996" ind1=" " ind2=" ">
    <subfield code="a">saiphon.d</subfield>
    <subfield code="b">CATSTF	</subfield>
    <subfield code="c">2023-10-10</subfield>
  </datafield>
  <datafield tag="999" ind1=" " ind2=" ">
    <subfield code="c">103576</subfield>
    <subfield code="d">103576</subfield>
  </datafield>
  <datafield tag="998" ind1=" " ind2=" ">
    <subfield code="j">111</subfield>
    <subfield code="k"> &#xE19;&#xE32;&#xE07;&#xE2A;&#xE32;&#xE27;&#xE1E;&#xE08;&#xE1E;&#xE34;&#xE13;  &#xE1E;&#xE23;&#xE21;&#xE40;&#xE2D;&#xE35;&#xE48;&#xE22;&#xE21;</subfield>
  </datafield>
  <datafield tag="952" ind1=" " ind2=" ">
    <subfield code="0">0</subfield>
    <subfield code="1">0</subfield>
    <subfield code="2">lcc</subfield>
    <subfield code="4">0</subfield>
    <subfield code="7">0</subfield>
    <subfield code="8">CGBL</subfield>
    <subfield code="a">NALT</subfield>
    <subfield code="b">NALT</subfield>
    <subfield code="c">GEN</subfield>
    <subfield code="d">2023-10-04</subfield>
    <subfield code="e">192</subfield>
    <subfield code="l">12</subfield>
    <subfield code="m">11</subfield>
    <subfield code="o">BF 442 &#xE2D;663&#xE28; 2566</subfield>
    <subfield code="p">3961223690</subfield>
    <subfield code="r">2025-01-24 00:00:00</subfield>
    <subfield code="s">2025-01-13</subfield>
    <subfield code="w">2023-10-04</subfield>
    <subfield code="y">GB</subfield>
  </datafield>
</record>
